| 000 | 00335 a2200109 4500 | ||
|---|---|---|---|
| 001 | ART_12073 | ||
| 005 | 20260410161903.0 | ||
| 008 | 260409a | ||
| 245 | 1 | 0 | _aA note on three-stage least squares estimation |
| 100 | 1 | _aMaravall, Agustin | |
| 773 | 0 |
_tJournal of econometrics _g- Vol. 4, NÂș 4 (nov. 1976) _wREV11720 |
|
| 999 |
_c26067 _d26067 |
||